[Event "LV Festival A"]
[Site "Imperia ITA"]
[Date "2013.09.03"]
[Round "3"]
[White "Salvador, Roland"]
[Black "Yao, Stefano"]
[WhiteElo "2461"]
[BlackElo "1976"]
[Result "1-0"]
[PlyCount "79"]
[EventDate "2013.09.01"]

1. d4 Nf6 2. c4 e6 3. Nf3 b6 4. a3 Bb7 5. Nc3 d5 6. cxd5 Nxd5 7. Nxd5 exd5 8.
Bf4 Bd6 9. g3 O-O 10. Ne5 Qe7 11. Bg2 Nd7 12. Nd3 Rfe8 13. e3 c6 14. O-O Nf6
15. Rc1 h6 16. Re1 Rec8 17. Re2 Rc7 18. Qa4 Bxf4 19. Nxf4 c5 20. dxc5 bxc5 21.
Rd2 Rd8 22. Qxa7 d4 23. Bxb7 Rxb7 24. Qxc5 Qxc5 25. Rxc5 Ne4 26. Rxd4 Rxd4 27.
Rc8+ Kh7 28. exd4 Rxb2 29. Re8 Nxf2 30. Re2 Nd3 31. Rxb2 Nxb2 32. Nd5 Nc4 33.
a4 Kg8 34. Kf2 Kf8 35. Ke2 Ke8 36. Kd3 Na5 37. Kc3 Kd7 38. Kb4 Nb7 39. Kb5 Nd6+
40. Kc5 1-0

[Event "LV Festival A"]
[Site "Imperia ITA"]
[Date "2013.09.03"]
[Round "3"]
[White "Stoppa, Omar"]
[Black "Faraci, Antonino"]
[WhiteElo "2283"]
[BlackElo "2020"]
[Result "1-0"]
[PlyCount "119"]
[EventDate "2013.09.01"]

1. e4 e6 2. d4 d5 3. Nd2 dxe4 4. Nxe4 Nd7 5. Nf3 Ngf6 6. Bd3 Nxe4 7. Bxe4 Nf6
8. Bd3 Be7 9. O-O O-O 10. Re1 b6 11. Ne5 Bb7 12. c3 c5 13. Re3 cxd4 14. cxd4 g6
15. Bf1 Qd5 16. Rh3 Rad8 17. Be3 Nd7 18. Nf3 Bf6 19. Qa4 Bc6 20. Qc2 b5 21. a4
Rc8 22. a5 a6 23. Qd2 e5 24. dxe5 Qxd2 25. Bxd2 Nxe5 26. Nxe5 Bxe5 27. Bc3 Rfe8
28. Bxe5 Rxe5 29. Rc1 Bb7 30. Rxc8+ Bxc8 31. Rc3 Bb7 32. f3 Re7 33. Kf2 Kf8 34.
h4 Kg7 35. Be2 h5 36. Rc5 Kf6 37. Bd3 Ke6 38. g4 hxg4 39. fxg4 Kd6 40. b4 Be4
41. Be2 f5 42. gxf5 gxf5 43. h5 Rg7 44. Rc8 f4 45. Bf3 Bxf3 46. Kxf3 Rf7 47.
Rc5 Rf6 48. Rg5 Ke6 49. Rg6 Rxg6 50. hxg6 Kf6 51. Kxf4 Kxg6 52. Ke5 Kf7 53. Kd6
Ke8 54. Kc7 Ke7 55. Kb7 Kd6 56. Kxa6 Kc6 57. Ka7 Kc7 58. a6 Kc6 59. Kb8 Kb6 60.
a7 1-0

[Event "LV Festival A"]
[Site "Imperia ITA"]
[Date "2013.09.03"]
[Round "4"]
[White "Angelini, Marco"]
[Black "Jirovsky, Milos"]
[WhiteElo "2267"]
[BlackElo "2478"]
[Result "1/2-1/2"]
[PlyCount "43"]
[EventDate "2013.09.01"]

1. e4 c5 2. Nf3 Nc6 3. d4 cxd4 4. Nxd4 g6 5. Nc3 Bg7 6. Nde2 Nf6 7. g3 b6 8.
Bg2 Ba6 9. O-O O-O 10. a4 Rc8 11. Nb5 d6 12. Re1 Nd7 13. Rb1 Bb7 14. b3 Nc5 15.
c4 a6 16. Nbc3 Nb4 17. Ba3 a5 18. Qd2 Nc6 19. Nb5 Ne5 20. Nec3 Rb8 21. f4 Nc6
22. Kh1 1/2-1/2

[Event "LV Festival A"]
[Site "Imperia ITA"]
[Date "2013.09.03"]
[Round "4"]
[White "Astengo, Marcello"]
[Black "Cereda, Loris"]
[WhiteElo "2057"]
[BlackElo "2204"]
[Result "1-0"]
[PlyCount "67"]
[EventDate "2013.09.01"]

1. d4 d5 2. c4 e6 3. Nc3 Nf6 4. cxd5 exd5 5. Bg5 Be7 6. e3 Nbd7 7. Bd3 O-O 8.
Qc2 Re8 9. Nge2 Nf8 10. O-O c6 11. f3 Nh5 12. Bxe7 Rxe7 13. e4 dxe4 14. fxe4
Ne6 15. d5 Nc5 16. Bc4 Nf6 17. Ng3 Re5 18. b4 Qb6 19. Kh1 Qxb4 20. Nce2 cxd5
21. exd5 b5 22. Bb3 Nxb3 23. axb3 Nxd5 24. Qb2 Qe7 25. Nd4 Nb4 26. Nf3 Re3 27.
Rad1 Bg4 28. Rd4 Bxf3 29. Nf5 Qe5 30. Nxe3 Nd3 31. Qc3 Be2 32. Rxd3 Qg5 33. Rd5
Qh4 34. Qe1 1-0

[Event "LV Festival A"]
[Site "Imperia ITA"]
[Date "2013.09.03"]
[Round "4"]
[White "Di Paolo, Raffaele"]
[Black "Jurek, Josef"]
[WhiteElo "2263"]
[BlackElo "2260"]
[Result "0-1"]
[PlyCount "68"]
[EventDate "2013.09.01"]

1. e4 e6 2. Qe2 c5 3. Nf3 Nc6 4. g3 g6 5. Bg2 Bg7 6. O-O Nge7 7. c3 O-O 8. d4
cxd4 9. Nxd4 Nxd4 10. cxd4 Bxd4 11. Nc3 Bg7 12. Rd1 d6 13. Bg5 h6 14. Be3 Kh7
15. Nb5 d5 16. Bc5 a6 17. Nd6 b6 18. Ba3 Ra7 19. Nxc8 Qxc8 20. Rac1 Qd8 21. h4
Re8 22. h5 b5 23. hxg6+ Nxg6 24. f4 Rd7 25. Qe3 Qb8 26. Qd2 Red8 27. exd5 Rxd5
28. Bxd5 Rxd5 29. Qe1 Bd4+ 30. Kg2 Nxf4+ 31. gxf4 Qxf4 32. Rd3 Qe5 33. Rf3 Qg5+
34. Qg3 Qd2+ 0-1

[Event "LV Festival A"]
[Site "Imperia ITA"]
[Date "2013.09.03"]
[Round "4"]
[White "Pepino, Enrico"]
[Black "Pagano, Sergio"]
[WhiteElo "2188"]
[BlackElo "1992"]
[Result "1-0"]
[PlyCount "59"]
[EventDate "2013.09.01"]

1. e4 c6 2. d4 d5 3. Nc3 dxe4 4. Nxe4 h6 5. Bc4 Bf5 6. Ng3 Bh7 7. N1e2 e6 8.
O-O Bd6 9. f4 Ne7 10. Bd3 Bxd3 11. Qxd3 Nd7 12. f5 Bxg3 13. fxe6 Bxh2+ 14. Kxh2
fxe6 15. Qg3 Qa5 16. Nf4 O-O 17. Kg1 Nf5 18. Qd3 Rae8 19. Bd2 Qb6 20. c3 e5 21.
Ng6 Rf6 22. Rxf5 Rxg6 23. Rf2 e4 24. Qh3 Rge6 25. Bxh6 e3 26. Bxe3 Rxe3 27.
Qxd7 R8e7 28. Qc8+ Re8 29. Qf5 Re2 30. Qf7+ 1-0

[Event "LV Festival A"]
[Site "Imperia ITA"]
[Date "2013.09.04"]
[Round "5"]
[White "De Barberis, Massimo"]
[Black "Di Lascio, Savino"]
[WhiteElo "2102"]
[BlackElo "1900"]
[Result "1-0"]
[PlyCount "59"]
[EventDate "2013.09.01"]

1. d4 Nf6 2. Nc3 d5 3. Bg5 Bf5 4. Bxf6 gxf6 5. e3 h5 6. Nf3 h4 7. Bd3 Qd7 8.
Qe2 Nc6 9. O-O-O h3 10. Bxf5 Qxf5 11. g3 Bh6 12. Kb1 O-O-O 13. Nh4 Qh7 14. f4
e6 15. Rhf1 f5 16. Ka1 Bf8 17. Rc1 Na5 18. Nb1 c5 19. Qb5 Nc4 20. dxc5 Nxe3 21.
c6 f6 22. Rf2 d4 23. c3 Kb8 24. cxd4 Rd5 25. Qb3 Ng2 26. Ng6 Rg8 27. c7+ Kc8
28. Qxb7+ Kxb7 29. c8=Q+ Kb6 30. Rc6+ 1-0

[Event "LV Festival A"]
[Site "Imperia ITA"]
[Date "2013.09.04"]
[Round "5"]
[White "Jirovsky, Milos"]
[Black "Jurek, Josef"]
[WhiteElo "2478"]
[BlackElo "2260"]
[Result "1/2-1/2"]
[PlyCount "48"]
[EventDate "2013.09.01"]

1. c4 e6 2. Nc3 d5 3. d4 Nf6 4. cxd5 exd5 5. Bg5 Be7 6. e3 c6 7. Bd3 Nbd7 8.
Qc2 O-O 9. Nf3 Re8 10. h3 Nf8 11. O-O-O b5 12. Kb1 Bb7 13. Rc1 a6 14. Rhd1 g6
15. h4 Rc8 16. Bxf6 Bxf6 17. h5 c5 18. hxg6 hxg6 19. dxc5 Rxc5 20. Qd2 Ne6 21.
Ne2 Qb6 22. Rxc5 Nxc5 23. Nfd4 Ne4 24. Qe1 b4 1/2-1/2

[Event "LV Festival A"]
[Site "Imperia ITA"]
[Date "2013.09.04"]
[Round "5"]
[White "Krouzel, Jaroslav"]
[Black "Di Paolo, Raffaele"]
[WhiteElo "2125"]
[BlackElo "2263"]
[Result "1/2-1/2"]
[PlyCount "31"]
[EventDate "2013.09.01"]

1. d4 Nf6 2. c4 g6 3. Nc3 Bg7 4. e4 d6 5. Be2 O-O 6. Bg5 Na6 7. Qd2 c6 8. Nf3
e5 9. O-O Bg4 10. Be3 Qe7 11. h3 Bd7 12. Rfe1 Rfe8 13. Bf1 Nc7 14. b4 a5 15.
bxa5 Bc8 16. dxe5 1/2-1/2

[Event "LV Festival A"]
[Site "Imperia ITA"]
[Date "2013.09.04"]
[Round "5"]
[White "Mollero, Michele"]
[Black "Angelini, Marco"]
[WhiteElo "2240"]
[BlackElo "2267"]
[Result "1/2-1/2"]
[PlyCount "96"]
[EventDate "2013.09.01"]

1. c4 e6 2. g3 Nf6 3. Bg2 d5 4. d3 b6 5. Nc3 Bb7 6. Nh3 Nbd7 7. O-O Be7 8. Nf4
c6 9. cxd5 cxd5 10. d4 a6 11. Nd3 O-O 12. Bf4 Nb8 13. Rc1 Nc6 14. Ne5 Nxe5 15.
Bxe5 b5 16. a3 Qb6 17. Qd3 Rac8 18. h3 Nd7 19. Bf4 Rc4 20. Rfd1 Bf6 21. Be3
Rfc8 22. b3 R4c6 23. Na2 Rxc1 24. Rxc1 Rxc1+ 25. Nxc1 b4 26. axb4 Qxb4 27. Kh2
h6 28. Qc2 Qb6 29. Nd3 Bc6 30. b4 Bb5 31. Nc5 Nb8 32. Qd2 Bc4 33. Bf3 Qb5 34.
Bh5 Nc6 35. Bxh6 Nxd4 36. Bg5 Bxg5 37. Qxg5 Qe8 38. Qd2 Nc6 39. e4 Qb8 40. exd5
Bxd5 41. Nxa6 Qe5 42. Bd1 Qa1 43. Nc7 Nxb4 44. Nxd5 Nxd5 45. Bf3 Qe5 46. h4 f5
47. Qg5 Qd4 48. Bxd5 Qxd5 1/2-1/2

[Event "LV Festival A"]
[Site "Imperia ITA"]
[Date "2013.09.04"]
[Round "5"]
[White "Morselli, Stefano"]
[Black "Faraci, Antonino"]
[WhiteElo "1904"]
[BlackElo "2020"]
[Result "0-1"]
[PlyCount "50"]
[EventDate "2013.09.01"]

1. Nf3 c5 2. g3 Nc6 3. Bg2 d6 4. O-O e5 5. d3 Be7 6. c3 Bg4 7. b4 Qd7 8. b5 Nd8
9. c4 Bh3 10. Nc3 Nf6 11. e3 h5 12. d4 e4 13. Ng5 Bxg2 14. Kxg2 h4 15. dxc5 Qf5
16. f4 exf3+ 17. Rxf3 Qxg5 18. cxd6 hxg3 19. Rxg3 Qh4 20. h3 Ne4 21. Nxe4 Qxe4+
22. Kh2 Bf6 23. Ba3 Kf8 24. d7+ Kg8 25. Qd6 Bxa1 0-1

[Event "LV Festival A"]
[Site "Imperia ITA"]
[Date "2013.09.04"]
[Round "5"]
[White "Salvador, Roland"]
[Black "Poloch, Petr"]
[WhiteElo "2461"]
[BlackElo "2267"]
[Result "1-0"]
[PlyCount "39"]
[EventDate "2013.09.01"]

1. d4 Nf6 2. c4 e6 3. Nc3 Bb4 4. Nf3 c5 5. a3 Bxc3+ 6. bxc3 Nc6 7. e3 d6 8. Be2
e5 9. O-O O-O 10. a4 b6 11. Qc2 Qe7 12. dxe5 dxe5 13. e4 Ne8 14. Rd1 Nd6 15.
Qd3 Rd8 16. Qd5 Be6 17. Qxc6 Rac8 18. Rxd6 Rxc6 19. Rxc6 Bxc4 20. Bg5 1-0

[Event "LV Festival A"]
[Site "Imperia ITA"]
[Date "2013.09.05"]
[Round "6"]
[White "Astengo, Marcello"]
[Black "Jirovsky, Milos"]
[WhiteElo "2057"]
[BlackElo "2478"]
[Result "0-1"]
[PlyCount "42"]
[EventDate "2013.09.01"]

1. d4 Nf6 2. c4 e6 3. Nf3 d5 4. Bf4 Bb4+ 5. Nc3 Nbd7 6. e3 c5 7. a3 Bxc3+ 8.
bxc3 Qa5 9. Qb3 b6 10. Nd2 O-O 11. Bd3 Ba6 12. O-O Rfe8 13. Rfd1 Rac8 14. Rac1
e5 15. Bg3 h6 16. Bf1 exd4 17. cxd4 cxd4 18. exd4 Rc6 19. cxd5 Rxc1 20. Bxa6
Rxd1+ 21. Qxd1 Qxa6 0-1

[Event "LV Festival A"]
[Site "Imperia ITA"]
[Date "2013.09.05"]
[Round "6"]
[White "Jurek, Josef"]
[Black "Salvador, Roland"]
[WhiteElo "2260"]
[BlackElo "2461"]
[Result "1/2-1/2"]
[PlyCount "64"]
[EventDate "2013.09.01"]

1. Nf3 Nf6 2. c4 e6 3. e3 Nc6 4. d4 Bb4+ 5. Bd2 a5 6. Nc3 d6 7. a3 Bxc3 8. Bxc3
Ne4 9. Rc1 Qe7 10. Be2 e5 11. dxe5 dxe5 12. O-O O-O 13. Qc2 Nxc3 14. Qxc3 Bg4
15. h3 Bh5 16. Rfe1 Bg6 17. c5 e4 18. Nd4 Ne5 19. b4 axb4 20. axb4 Qg5 21. Ra1
Bh5 22. Bxh5 Qxh5 23. Rxa8 Rxa8 24. Ra1 Rd8 25. Ra7 Qd1+ 26. Kh2 Qf1 27. Ra2 h5
28. Ne6 Nf3+ 29. gxf3 fxe6 30. Qe5 Qc4 31. Ra1 exf3 32. Rg1 Rd7 1/2-1/2

[Event "LV Festival A"]
[Site "Imperia ITA"]
[Date "2013.09.05"]
[Round "6"]
[White "Pesce, Gabriele"]
[Black "Penna, Tommaso"]
[WhiteElo "2198"]
[BlackElo "1951"]
[Result "1-0"]
[PlyCount "115"]
[EventDate "2013.09.01"]

1. e4 c5 2. Nf3 e6 3. c3 Nf6 4. Bd3 Nc6 5. O-O d5 6. e5 Nd7 7. Re1 g5 8. h3 h5
9. Bb5 g4 10. Nh2 Bh6 11. hxg4 Bf4 12. g3 Bxe5 13. Nf3 Bd6 14. g5 Rg8 15. d4
Qc7 16. Kg2 Nb6 17. Ne5 Bd7 18. Nxf7 Kxf7 19. Qxh5+ Kf8 20. dxc5 Bxc5 21. Qh6+
Ke8 22. Qh7 Ne7 23. Bf4 Qd8 24. Qh5+ Kf8 25. Qh6+ Ke8 26. Be2 Qc8 27. Nd2 Nf5
28. Qh7 Rg7 29. Bh5+ Kd8 30. Qh8+ Ke7 31. Qxc8 Rxc8 32. g6 Rf8 33. Nf3 Rgg8 34.
Bg5+ Kd6 35. b4 Bxf2 36. Bf4+ Ke7 37. Kxf2 Nc4 38. Rad1 Kd8 39. Ne5 Nxe5 40.
Rxe5 Nh4 41. gxh4 Rxf4+ 42. Kg3 Rf6 43. Kg4 Be8 44. c4 Bxg6 45. Bxg6 Rgxg6+ 46.
Rg5 Rh6 47. cxd5 exd5 48. Rdxd5+ Rd6 49. h5 Kc7 50. Rg7+ Kc8 51. Rc5+ Rc6 52.
Rxc6+ Rxc6 53. Kg5 Rc2 54. h6 Rg2+ 55. Kf5 Rf2+ 56. Ke5 Re2+ 57. Kd4 Rd2+ 58.
Kc3 1-0

[Event "LV Festival A"]
[Site "Imperia ITA"]
[Date "2013.09.05"]
[Round "6"]
[White "Poloch, Petr"]
[Black "Raineri, Valerio"]
[WhiteElo "2267"]
[BlackElo "2125"]
[Result "1-0"]
[PlyCount "63"]
[EventDate "2013.09.01"]

1. c4 Nf6 2. Nc3 g6 3. e4 d6 4. d4 Bg7 5. f4 O-O 6. Nf3 c5 7. d5 e6 8. Be2 exd5
9. cxd5 Nfd7 10. O-O Re8 11. Nd2 Na6 12. Bf3 Nc7 13. Nc4 Nf8 14. a4 b6 15. e5
Ba6 16. Nxd6 Bxf1 17. Qxf1 g5 18. Nxe8 Nxe8 19. Ne4 gxf4 20. Bxf4 Ng6 21. Bg5
f6 22. exf6 Bxf6 23. Nxf6+ Nxf6 24. d6 Rb8 25. Rd1 Kg7 26. b3 h6 27. Bc1 Ne5
28. Bb2 Nfd7 29. Bc6 Kg6 30. Be4+ Kg7 31. Qf5 Qf6 32. Qh7+ 1-0

[Event "LV Festival A"]
[Site "Imperia ITA"]
[Date "2013.09.05"]
[Round "6"]
[White "Simoncini, Francesco"]
[Black "Mollero, Michele"]
[WhiteElo "2043"]
[BlackElo "2240"]
[Result "0-1"]
[PlyCount "40"]
[EventDate "2013.09.01"]

1. c4 c6 2. Nf3 d5 3. e3 Nf6 4. Nc3 g6 5. b3 Bg7 6. Bb2 O-O 7. d4 Bf5 8. Be2
Ne4 9. Nh4 Be6 10. Qc2 Nd7 11. Nxe4 dxe4 12. Qxe4 Qa5+ 13. Kf1 b5 14. f4 bxc4
15. Bxc4 Bxc4+ 16. bxc4 Qd2 17. Rb1 Nf6 18. Qxc6 Qd3+ 19. Kf2 Ne4+ 20. Kf3 Nd2+
0-1

[Event "LV Festival A"]
[Site "Imperia ITA"]
[Date "2013.09.05"]
[Round "7"]
[White "Cavatorta, Fosco"]
[Black "Restifo, Katiuscia"]
[WhiteElo "1919"]
[BlackElo "1869"]
[Result "1/2-1/2"]
[PlyCount "58"]
[EventDate "2013.09.01"]

1. d4 Nf6 2. Nf3 g6 3. Nc3 d6 4. e4 Bg7 5. Be3 O-O 6. Qd2 c6 7. Bd3 b5 8. a4 b4
9. Ne2 a5 10. Bh6 Nbd7 11. Bxg7 Kxg7 12. e5 dxe5 13. dxe5 Ng4 14. Qf4 Nc5 15.
Bc4 Nh6 16. O-O Ne6 17. Bxe6 Bxe6 18. Rfd1 Qc8 19. Ng3 Nf5 20. Qg5 Ra7 21. Nh4
Nxg3 22. hxg3 Rd7 23. Rxd7 Qxd7 24. Nf3 c5 25. Qe3 Qd5 26. Qg5 Qd7 27. Qe3 Rc8
28. c3 Bg4 29. Nd2 Be6 1/2-1/2

[Event "LV Festival A"]
[Site "Imperia ITA"]
[Date "2013.09.05"]
[Round "7"]
[White "De Barberis, Massimo"]
[Black "Cugini, Verter"]
[WhiteElo "2102"]
[BlackElo "2041"]
[Result "0-1"]
[PlyCount "44"]
[EventDate "2013.09.01"]

1. d4 d6 2. e4 Nf6 3. Nc3 g6 4. Be3 Bg7 5. h3 O-O 6. f4 Nbd7 7. Qf3 c6 8. O-O-O
Qc7 9. e5 Ne8 10. Bd3 Rb8 11. g4 b5 12. h4 Bb7 13. h5 c5 14. Nd5 Bxd5 15. Qxd5
e6 16. Qg2 cxd4 17. hxg6 dxe3 18. gxf7+ Rxf7 19. Bxh7+ Kf8 20. Nf3 Rxf4 21. Ng5
Ke7 22. Bg6 Nxe5 0-1

[Event "LV Festival A"]
[Site "Imperia ITA"]
[Date "2013.09.05"]
[Round "7"]
[White "Dolezal, Radoslav jr"]
[Black "Astengo, Marcello"]
[WhiteElo "2368"]
[BlackElo "2057"]
[Result "1/2-1/2"]
[PlyCount "49"]
[EventDate "2013.09.01"]

1. Nf3 d5 2. e3 Nf6 3. c4 e6 4. Nc3 Be7 5. b3 O-O 6. Bb2 c6 7. Qc2 Nbd7 8. d4
b6 9. Bd3 Bb7 10. O-O Rc8 11. Ne5 Qc7 12. Rad1 Rfd8 13. Qb1 h6 14. f4 a6 15. e4
c5 16. Nxd7 Rxd7 17. exd5 cxd4 18. dxe6 fxe6 19. Ne4 Ng4 20. Rf3 Rf8 21. Rdf1
Ne3 22. R1f2 Ng4 23. Rf1 Ne3 24. R1f2 Ng4 25. Rf1 1/2-1/2

[Event "LV Festival A"]
[Site "Imperia ITA"]
[Date "2013.09.05"]
[Round "7"]
[White "Gioseffi, Massimiliano"]
[Black "Faraci, Antonino"]
[WhiteElo "2171"]
[BlackElo "2020"]
[Result "1-0"]
[PlyCount "61"]
[EventDate "2013.09.01"]

1. d4 c5 2. d5 e6 3. c4 exd5 4. cxd5 d6 5. Nc3 g6 6. e4 Bg7 7. Bd3 a6 8. a4 Nd7
9. Nf3 Ne5 10. Be2 Nxf3+ 11. Bxf3 Ne7 12. O-O O-O 13. Bg5 f6 14. Bd2 b6 15. Bg4
Rb8 16. f4 b5 17. axb5 axb5 18. Be6+ Bxe6 19. dxe6 f5 20. Ra7 Nc6 21. Rd7 Bd4+
22. Kh1 Qe8 23. exf5 Rxf5 24. Qe2 c4 25. g4 Rf6 26. f5 Be5 27. Nd5 Rf8 28. Qg2
Kh8 29. Qh3 h5 30. Qe3 Qxd7 31. exd7 1-0

[Event "LV Festival A"]
[Site "Imperia ITA"]
[Date "2013.09.05"]
[Round "7"]
[White "Pagano, Sergio"]
[Black "Di Lascio, Savino"]
[WhiteElo "1992"]
[BlackElo "1900"]
[Result "1/2-1/2"]
[PlyCount "139"]
[EventDate "2013.09.01"]

1. d4 Nf6 2. Nf3 d6 3. Bf4 Nbd7 4. h3 c6 5. c3 g6 6. Nbd2 Qc7 7. e4 e5 8. Bh2
Bg7 9. Qc2 O-O 10. g4 Rd8 11. O-O-O a6 12. Nc4 Ne8 13. dxe5 dxe5 14. Ncxe5 Nxe5
15. Rxd8 Qxd8 16. Nxe5 Qa5 17. b4 Qd8 18. Bc4 Be6 19. Bxe6 fxe6 20. Nd3 a5 21.
f4 axb4 22. Nxb4 Qa5 23. Qb3 c5 24. Qxe6+ Kh8 25. Nc2 Nc7 26. Qb3 b5 27. e5 c4
28. Qb4 Qxa2 29. Rd1 Bf8 30. Qb2 Qa6 31. Nb4 Qe6 32. Bg3 Be7 33. Qd2 Rd8 34.
Qe3 Ra8 35. Qd4 Rd8 36. Qa7 Rxd1+ 37. Kxd1 Bxb4 38. cxb4 Qd5+ 39. Ke1 Qe4+ 40.
Kf2 Qc6 41. Qc5 Qxc5+ 42. bxc5 b4 43. Ke2 Ne6 44. Be1 c3 45. Kd3 Nxc5+ 46. Kc4
Ne4 47. Kd3 Nc5+ 48. Kc2 Kg7 49. Bf2 Ne4 50. Bb6 Kf7 51. Ba5 Nf2 52. Bxb4 Nxh3
53. f5 gxf5 54. gxf5 Ng5 55. Bxc3 h6 56. Kd3 Ke7 57. Ke3 Nf7 58. Kf4 h5 59. Kg3
Nh6 60. f6+ Ke6 61. Kh4 Nf7 62. Kxh5 Nd8 63. Ba5 Nf7 64. Bc7 Kf5 65. Bb8 Ke6
66. Kg6 Nh8+ 67. Kg7 Nf7 68. Bc7 Ng5 69. Bb8 Nf7 70. Bc7 1/2-1/2

[Event "LV Festival A"]
[Site "Imperia ITA"]
[Date "2013.09.05"]
[Round "7"]
[White "Stoppa, Omar"]
[Black "Yao, Stefano"]
[WhiteElo "2283"]
[BlackElo "1976"]
[Result "1/2-1/2"]
[PlyCount "53"]
[EventDate "2013.09.01"]

1. Nf3 Nf6 2. g3 c5 3. c4 b6 4. Bg2 Bb7 5. O-O g6 6. d3 Bg7 7. Nc3 O-O 8. a3
Nc6 9. e4 d6 10. h3 Ne8 11. Rb1 Nc7 12. Bd2 a5 13. Nd5 Nxd5 14. exd5 Ne5 15.
Nxe5 Bxe5 16. Bc3 Bg7 17. Re1 Ra7 18. Qd2 Qd7 19. Re4 e5 20. Re2 a4 21. b4 axb3
22. Rxb3 Rfa8 23. Qb2 Bc8 24. f4 f6 25. fxe5 fxe5 26. Rf2 Ba6 27. Bd2 1/2-1/2

[Event "LV Festival A"]
[Site "Imperia ITA"]
[Date "2013.09.06"]
[Round "8"]
[White "Astengo, Marcello"]
[Black "Yao, Stefano"]
[WhiteElo "2057"]
[BlackElo "1976"]
[Result "1-0"]
[PlyCount "59"]
[EventDate "2013.09.01"]

1. d4 Nf6 2. c4 e6 3. Nf3 b6 4. Bg5 Be7 5. Nc3 Bb7 6. e3 O-O 7. Bd3 d5 8. cxd5
exd5 9. Qc2 Nbd7 10. O-O Re8 11. Ne5 Nxe5 12. dxe5 Ne4 13. Bf4 Nxc3 14. Bxh7+
Kh8 15. bxc3 g6 16. Bxg6 fxg6 17. Qxg6 Bf8 18. Bg5 Be7 19. f4 d4 20. exd4 Bd5
21. Rae1 Bxg5 22. fxg5 Re7 23. e6 Qg8 24. Qf6+ Qg7 25. Qf5 c6 26. g6 Kg8 27.
Qg4 Rf8 28. Rf7 Qh6 29. Rxe7 Qd2 30. Qe2 1-0

[Event "LV Festival A"]
[Site "Imperia ITA"]
[Date "2014.09.06"]
[Round "8"]
[White "Blasco, Domenico"]
[Black "Simoncini, Francesco"]
[WhiteElo "1893"]
[BlackElo "2043"]
[Result "1/2-1/2"]
[PlyCount "59"]
[EventDate "2013.09.01"]

1. d4 e6 2. Nf3 f5 3. g4 fxg4 4. Ne5 Nf6 5. e3 Be7 6. Nxg4 O-O 7. Bd3 Nxg4 8.
Qxg4 Bh4 9. O-O Qf6 10. f4 d6 11. Qe2 Nc6 12. Bd2 e5 13. dxe5 dxe5 14. Kh1 Bh3
15. Rg1 Qh6 16. Bc3 Rae8 17. Nd2 Nd4 18. Bc4+ Kh8 19. Qd3 Nf5 20. Ne4 Rd8 21.
Qe2 exf4 22. exf4 Qc6 23. Bd3 Rfe8 24. Qf3 Bg3 25. Rxg3 Nxg3+ 26. Qxg3 Qh6 27.
Ng5 Qc6+ 28. Kg1 Qc5+ 29. Kh1 Qc6+ 30. Kg1 1/2-1/2

[Event "LV Festival A"]
[Site "Imperia ITA"]
[Date "2013.09.06"]
[Round "8"]
[White "Castelfranchi, Carlo"]
[Black "De Barberis, Massimo"]
[WhiteElo "2066"]
[BlackElo "2102"]
[Result "1/2-1/2"]
[PlyCount "40"]
[EventDate "2013.09.01"]

1. e4 c5 2. Nf3 d6 3. d4 cxd4 4. Nxd4 Nf6 5. Nc3 a6 6. Bg5 e6 7. f4 b5 8. e5
dxe5 9. fxe5 Qc7 10. exf6 Qe5+ 11. Be2 Qxg5 12. Qd3 Ra7 13. Ne4 Qd5 14. Bf3 g6
15. Rd1 Rd7 16. Qc3 Qc4 17. Qxc4 bxc4 18. O-O Bb7 19. Kh1 h6 20. b3 cxb3
1/2-1/2

[Event "LV Festival A"]
[Site "Imperia ITA"]
[Date "2013.09.06"]
[Round "8"]
[White "Cugini, Verter"]
[Black "Dolezal, Radoslav jr"]
[WhiteElo "2041"]
[BlackElo "2368"]
[Result "1/2-1/2"]
[PlyCount "50"]
[EventDate "2013.09.01"]

1. e4 c6 2. c4 e5 3. Nf3 d6 4. d4 Bg4 5. dxe5 Bxf3 6. Qxf3 dxe5 7. Nc3 Nd7 8.
Be2 Ngf6 9. O-O Be7 10. Rd1 O-O 11. Be3 Qc7 12. a3 Rfd8 13. b4 Nf8 14. c5 Rxd1+
15. Rxd1 Rd8 16. Bc4 Rxd1+ 17. Qxd1 Qd7 18. Qxd7 N6xd7 19. f3 Ng6 20. g3 h6 21.
h4 Bd8 22. Kf2 Kf8 23. Ke2 Ke7 24. Kd3 Ngf8 25. Ne2 Bc7 1/2-1/2

[Event "LV Festival A"]
[Site "Imperia ITA"]
[Date "2013.09.06"]
[Round "8"]
[White "Dritsakos, Alessio"]
[Black "Restifo, Katiuscia"]
[WhiteElo "2002"]
[BlackElo "1869"]
[Result "1-0"]
[PlyCount "57"]
[EventDate "2013.09.01"]

1. Nf3 Nf6 2. c4 g6 3. Nc3 Bg7 4. e4 d6 5. d4 O-O 6. Be3 c6 7. h3 Qc7 8. Qd2
Re8 9. Be2 Nbd7 10. Nh2 e5 11. d5 Nc5 12. Bf3 Ncxe4 13. Bxe4 Nxe4 14. Nxe4 f5
15. f3 fxe4 16. fxe4 cxd5 17. cxd5 Qc4 18. Rc1 Qxe4 19. O-O Re7 20. Bxa7 Qa4
21. Be3 Bf5 22. a3 Rd7 23. Nf3 Qa6 24. Rc3 e4 25. Nd4 Rf7 26. Nxf5 Bxc3 27.
Nh6+ Kf8 28. Rxf7+ Ke8 29. Qxc3 1-0

[Event "LV Festival A"]
[Site "Imperia ITA"]
[Date "2013.09.06"]
[Round "8"]
[White "Faraci, Antonino"]
[Black "Ahner, Thomas"]
[WhiteElo "2020"]
[BlackElo "2148"]
[Result "1-0"]
[PlyCount "22"]
[EventDate "2013.09.01"]

1. e4 c5 2. b4 cxb4 3. a3 d5 4. e5 Nc6 5. Nf3 Bg4 6. axb4 Nxe5 7. Nxe5 Bxd1 8.
Bb5+ Qd7 9. Nxd7 O-O-O 10. Kxd1 a6 11. Nxf8 axb5 1-0

[Event "LV Festival A"]
[Site "Imperia ITA"]
[Date "2013.09.06"]
[Round "8"]
[White "Lezzerini, Marco"]
[Black "Krouzel, Jaroslav"]
[WhiteElo "1960"]
[BlackElo "2125"]
[Result "1/2-1/2"]
[PlyCount "35"]
[EventDate "2013.09.01"]

1. d4 f5 2. c4 Nf6 3. g3 g6 4. Bg2 Bg7 5. Nf3 d6 6. O-O O-O 7. Nc3 Qe8 8. d5 a5
9. Rb1 Na6 10. b3 Bd7 11. Nd4 c6 12. e4 fxe4 13. Nxe4 Nxe4 14. Bxe4 Nc7 15. Bb2
c5 16. Ne6 Nxe6 17. dxe6 Bc6 18. Bd5 1/2-1/2

[Event "LV Festival A"]
[Site "Imperia ITA"]
[Date "2013.09.06"]
[Round "8"]
[White "Ljubisavljevic, Zivojin Z."]
[Black "Angelini, Marco"]
[WhiteElo "2218"]
[BlackElo "2267"]
[Result "1-0"]
[PlyCount "97"]
[EventDate "2013.09.01"]

1. d4 d5 2. c3 Bf5 3. Qb3 b6 4. Bf4 e6 5. e3 Bd6 6. Bxd6 Qxd6 7. c4 Nf6 8. Nc3
O-O 9. Nb5 Qe7 10. Nf3 c5 11. Ne5 dxc4 12. Nxc4 Nbd7 13. Be2 a6 14. Nc3 b5 15.
Nd2 cxd4 16. exd4 b4 17. Nd1 Qd6 18. Nf3 Nd5 19. O-O Nf4 20. Re1 Nxe2+ 21. Rxe2
Nf6 22. Ne3 Be4 23. Nc4 Qe7 24. Nfd2 Bd5 25. Qd3 Qb7 26. Ne3 Rfd8 27. Nxd5 Nxd5
28. g3 Ne7 29. f4 Nf5 30. Nf3 Rd5 31. Rd1 Rad8 32. Qe4 Qb6 33. Red2 Nd6 34. Qd3
Nb5 35. Qc4 Nd6 36. Qd3 f6 37. g4 Nb5 38. Kg2 e5 39. fxe5 fxe5 40. Qb3 e4 41.
Ne5 Qe6 42. Qe3 Nd6 43. Rc1 Nf7 44. Nc6 Qxg4+ 45. Kh1 Re8 46. Rf1 a5 47. Rdf2
Rd7 48. Rf5 Nd6 49. Qb3+ 1-0

[Event "LV Festival A"]
[Site "Imperia ITA"]
[Date "2013.09.06"]
[Round "8"]
[White "Poloch, Petr"]
[Black "Mollero, Michele"]
[WhiteElo "2267"]
[BlackElo "2240"]
[Result "1/2-1/2"]
[PlyCount "23"]
[EventDate "2013.09.01"]

1. c4 c6 2. Nf3 d5 3. e3 Nf6 4. Nc3 g6 5. d4 Bg7 6. Bd3 O-O 7. O-O Nbd7 8. cxd5
cxd5 9. Bd2 e5 10. dxe5 Ng4 11. Be2 Ngxe5 12. Nxe5 1/2-1/2

[Event "LV Festival A"]
[Site "Imperia ITA"]
[Date "2013.09.06"]
[Round "8"]
[White "Raineri, Valerio"]
[Black "Stoppa, Omar"]
[WhiteElo "2125"]
[BlackElo "2283"]
[Result "0-1"]
[PlyCount "58"]
[EventDate "2013.09.01"]

1. e4 e6 2. Qe2 e5 3. f4 d6 4. Nf3 Nc6 5. c3 Nf6 6. d3 Be7 7. g3 h5 8. Bg2 h4
9. Nxh4 exf4 10. Bxf4 Nh5 11. Nf3 Nxf4 12. gxf4 Bg4 13. Nbd2 Bh4+ 14. Kd1 Qf6
15. f5 O-O-O 16. h3 Bh5 17. Kc2 d5 18. Raf1 Rhe8 19. Qe3 d4 20. Qf4 g5 21. Qh2
Bxf3 22. Nxf3 dxc3 23. bxc3 Qe7 24. Rb1 Qa3 25. Rb2 Rxd3 26. Kxd3 Qxb2 27. Bf1
Qb1+ 28. Qc2 Rd8+ 29. Nd4 Rxd4+ 0-1